Aplikácia obohatenej reality

Uložené v:
Podrobná bibliografia
Hlavný autor: Scholtz, Michael, 1991- (Autor)
Ďalší autori: Kottman, Michal, 1987- (Vedúci práce)
Médium: Rukopis Kniha
Jazyk:Slovak
Vydavateľské údaje: Bratislava : STU v Bratislave FIIT, 2013
Predmet:
On-line prístup:VAIS
Tagy: Pridať tag
Žiadne tagy, Buďte prvý, kto otaguje tento záznam!

MARC

LEADER 00000ntm a22000003a 4500
001 stu275513
005 20160607134829.5
008 131003s2013----xo------------------slo-d
040 |a STU  |b slo 
041 0 |a slo 
044 |a xo 
100 1 |a Scholtz, Michael,  |d 1991-  |4 aut  |u I200  |U FIIT Fakulta informatiky a informačných technológií  |T FIIT Ústav informatiky a softvérového inžinierstva  |X 5749  |U I200  |Y 179  |7 A000005749 
242 0 0 |a Augmented reality application  |y eng 
245 1 |a Aplikácia obohatenej reality 
260 |a Bratislava :  |b STU v Bratislave FIIT,  |c 2013 
300 |a 56 s  |c príl. 
650 7 |a informatika  |2 stusub 
650 7 |a Informatics  |2 estusub 
650 7 |a android  |2 stusub 
650 7 |a android  |2 estusub 
650 7 |a android  |2 stusub 
650 7 |a android  |2 estusub 
650 7 |a obohatená realita  |2 stusub 
700 1 |a Kottman, Michal,  |d 1987-  |4 ths  |u I300  |U FIIT Fakulta informatiky a informačných technológií  |T FIIT Ústav aplikovanej informatiky  |X 17099  |U I300  |Y 180  |7 17099 
856 4 |a info a plný text  |u http://is.stuba.sk/zp/portal_zp.pl?podrobnosti=77753  |3 VAIS 
996 |c I*BAP74/13  |l II680  |s P  |a 0  |w stu275513_0001